The Man Who Fell to Earth : The Supplements /
Presentación, dividida en dos tomos, del quinto largometraje dirigido por el cineasta londinense Nicolas Roeg, basado en El hombre que cayó a la Tierra (1963), novela de Walter Trevis (1928-1994). El segundo tomo está conformado por los siguientes suplementos (en inglés, sin subtítulos o traducción)...
Na minha lista:
| Outros Autores: | , , , , , , , , , , , , , , , , , |
|---|---|
| Formato: | |
| Idioma: | inglês |
| Publicado em: |
Nueva York, EUA :
Criterion Collection : CBS Radio,
1994-2005
|
| Colecção: | (Criterion Collection ;
304/2) |
| Assuntos: | |
| Tags: |
MARC
| LEADER | 00000ngm^a2200000^a^4500 | ||
|---|---|---|---|
| 001 | 000289382 | ||
| 005 | 20251020000000.0 | ||
| 009 | 20260310111936.865 | ||
| 020 | |a 1-55940-964-9 | ||
| 037 | |a Acervo ITESO - Biblioteca | ||
| 041 | |a ING | ||
| 082 | |a 808. 8 |b CRI V. 304 T. 2 | ||
| 240 | 1 | 4 | |a [El hombre que cayó en la Tierra] |
| 240 | 1 | 5 | |a [The Man Who Fell to Earth] |
| 245 | 0 | 4 | |a The Man Who Fell to Earth : |b The Supplements / |
| 264 | 1 | |a Nueva York, EUA : |b Criterion Collection : |b CBS Radio, |c 1994-2005 | |
| 264 | 2 | |a Nueva York, EUA : |b Criterion Collection [distribución], |c 2005, c2005 | |
| 300 | |a 1 DVD región 1 (26, 25, 24, 20, 24 min.) : |b color + |e 1 folleto ([32] p.) + 1 libro (160 p.) | ||
| 336 | |a imagen móvil bidimensional |b tdi |2 rdacontenido | ||
| 337 | |a video |b v |2 rdamedio | ||
| 338 | |a videodisco |b vd |2 rdasoporte | ||
| 440 | 1 | |a (Criterion Collection ; |v 304/2) | |
| 520 | |a Presentación, dividida en dos tomos, del quinto largometraje dirigido por el cineasta londinense Nicolas Roeg, basado en El hombre que cayó a la Tierra (1963), novela de Walter Trevis (1928-1994). El segundo tomo está conformado por los siguientes suplementos (en inglés, sin subtítulos o traducción): 1) Entrevista con Paul Mayersberg (26 min.), guionista de la película; 2) Performance: Candy Clark and Rip Torn (25 min.), conversaciones con estos actores; 3-4) Production and Costume Design (24 y 20 min.), entrevistas de audio con el diseñador de producción Brian Eatwell (1939-2007) y la diseñadora de vestuario May Routh, ilustradas con fragmentos de la película, fotografías fijas y bocetos; 5) Entrevista de audio con Walter Tevis (24 min.), quien platica sobre su obra literaria y el género de la ciencia-ficción con el periodista Don Swaim, en esta grabación hecha originalmente para el programa radiofónico Book Beat en 1994; 6) Seis diferentes versiones de avances promocionales originales del filme (9 min. y medio) y un spot para televisión (30 seg.); 7) Galería con ocho bocetos del vestuario del personaje protagonista; 8-11) Cuatro galerías con fotografías fijas del rodaje, el director y los intérpretes, captadas por David James, con opción de integrar una introducción del propio fotógrafo (7 min.), páginas de libro de continuidad llevado por Nicolas Roeg, fotografías instantáneas del rodaje por el productor ejecutivo Si Livtinoff y una selección de carteles de los primeros seis largometrajes dirigidos por Roeg, desde Performance (1970) hasta Bad Timing (1979); 12) Folleto, común a los dos tomos de la presentación, con textos del crítico Graham Fuller y el académico Jack Matthews y 13) Reimpresión, disponible en el Fondo de Reserva Especial, de la novela de Walter Tevis. Las entrevistas de los incisos 1-4 fueron grabadas en 2005 en exclusiva para esta presentación de la distribuidora Criterion Collection. | ||
| 546 | |a En inglés, sin subtítulos | ||
| 649 | |a XX | ||
| 650 | |a Escritores Norteamericanos - |x Entrevistas | ||
| 650 | |a Guionistas Ingleses - |x Entrevistas | ||
| 650 | |a Diseñadores Ingleses - |x Entrevistas | ||
| 650 | |a Actores Norteamericanos - |x Entrevistas | ||
| 650 | |a Mujeres Norteamericanas - |x Entrevistas | ||
| 650 | |a Vestuario - |z Inglaterra - |x Historia y Crítica | ||
| 650 | |a Dirección de Arte - |z Inglaterra - |x Historia y Crítica | ||
| 650 | |a Guiones Cinematográficos - |z Inglaterra - |x Historia y Crítica | ||
| 650 | |a Literatura y Cine - |x Historia y Crítica | ||
| 650 | |a Cine Inglés - |x Historia y Crítica | ||
| 650 | |a Cine Inglés - |y Siglo XX | ||
| 650 | |a Literatura de Ciencia-Ficción - |x Historia y Crítica | ||
| 650 | |a Literatura Norteamericana - |x Historia y Crítica | ||
| 650 | |a Literatura Norteamericana - |y Siglo XX | ||
| 650 | |a Clark, Candy | ||
| 650 | |a Eatwell, Brian | ||
| 650 | |a Mayersberg, Paul | ||
| 650 | |a Roeg, Nicolas - |x Tema Principal | ||
| 650 | |a Routh, May | ||
| 650 | |a Tevis, Walter - |x Tema Principal | ||
| 650 | |a Torn, Rip | ||
| 740 | 0 | |a Paul Mayersberg Interview / |c P. Mayersberg ; prod. ejecutiva de P. Becker... [et al.] ; realización de L. Kline. | |
| 740 | 0 | |a Performance : |b Candy Clark and Rip Torn / |c C. Clark, R. Torn ; prod. ejecutiva de P. Becker... [et al.] ; realización de L. Kline. | |
| 740 | 0 | |a Production and Costume Design : |b Brian Eatwell / |c B. Eatwell ; prod. ejecutiva de P. Becker... [et al.] ; realización de L. Kline. | |
| 740 | 0 | |a Production and Costume Design : |b May Routh / |c M. Routh ; prod. ejecutiva de P. Becker... [et al.] ; realización de L. Kline. | |
| 740 | 0 | |a Book Beat : |b Walter Tevis Interview / |c W. Tevis ; entrevistado por D. Swaim. | |
| 740 | 0 | |a Loving the Alien / |c Texto de G. Fuller. | |
| 740 | 4 | |a The Novels and Confessions of Walter Tevis / |c Texto de J. Matthews. | |
| 740 | 4 | |a The Man Who Fell to Earth / |c W. Tevis. | |
| 700 | |a Mayersberg, Paul |e (autor) | ||
| 700 | |a Clark, Candy |e (autor) | ||
| 700 | |a Torn, Rip |e (autor) | ||
| 700 | |a Eatwell, Brian |e (autor) | ||
| 700 | |a Routh, May |e (autor) | ||
| 700 | |a Becker, Peter |e (producción ejecutiva) | ||
| 700 | |a Kline, Lee |e (realización) | ||
| 700 | |a Fitzgerald, Paul |e (fotógrafo) | ||
| 700 | |a Rho, Jonathan |e (fotógrafo) | ||
| 700 | |a Bradley, Gary |e (montaje) | ||
| 700 | |a Kaplan, Jonah |e (montaje) | ||
| 700 | |a Tevis, Walter |e (autor) | ||
| 700 | |a Swaim, Don |e (entrevista) | ||
| 700 | |a James, David |e (fotógrafo) | ||
| 700 | |a Litvinoff, Si |e (fotógrafo) | ||
| 700 | |a James, David |e (introducción) | ||
| 700 | |a Fuller, Graham |e (texto) | ||
| 700 | |a Matthews, Jack |e (texto) | ||
| 910 | |a Fondo General | ||
| 920 | |a Audiovisuales - DVDs | ||
| 940 | |a Películas | ||
| 905 | |a 308 | ||
| 901 | |a 0500165396 |b IT2 |c DVR |u 20250521 | ||
| 901 | |a 0500165393 |b IT2 |c MIN |u 20251020 | ||
| 901 | |a 0500165390 |b IT2 |c MIN |u 20251020 | ||
| 902 | |a https://opac.biblio.iteso.mx/vufind/Record/000289382 | ||